All Pixar Main Characters By Movie - Statistics

General Stats
  • This quiz has been taken 26 times
  • The average score is 15 of 31
Answer Stats
Release Date Movie Answer % Correct
2019 Toy Story 4 Woody
92%
2010 Toy Story 3 Woody
92%
1999 Toy Story 2 Woody
92%
1995 Toy Story Woody
92%
2022 Lightyear Buzz Lightyear
83%
2024 Inside Out 2 Joy
83%
2015 Inside Out Joy
83%
2017 Cars 3 Lightning McQueen
75%
2006 Cars Lightning McQueen
75%
2013 Monsters University Mike Wazowski
75%
2004 The Incredibles Bob Parr/Mr. Incredible
67%
2011 Cars 2 Tow Mater
50%
2007 Ratatouille Remy
50%
2016 ------ Dory
46%
2018 Incredibles 2 Helen Parr/Elastigirl
42%
2009 Up Carl
38%
2003 Finding Nemo Marlin
38%
2012 Brave Merida
38%
2017 Coco Miguel
38%
1998 A Bug's Life Flik
29%
2026 Toy Story 5 Jessie
29%
2008 ------ WAll-E
29%
2015 The Good Dinosaur Arlo
25%
2025 ------ Elio
25%
2021 ------ Luca
25%
2023 Elemental Ember
21%
2001 Monsters Inc James P. Sullivan
21%
2022 Turning Red Meilin Lee
21%
2020 Soul Joe
17%
2026 Hoppers Mabel
13%
2020 Onward Ian Lightfoot
8%
No matching quizzes found
Score Distribution
Percent of People with Each Score
Percentile by Number Answered
Your Score History
You have not taken this quiz